Uma formiga especial (Record no. 68505)

MARC details
000 -LÍDER
campo de controle de tamanho fixo 00240 a2200109 4500
001 - NÚMERO DE CONTROLE
campo de controle 68505
040 ## - FONTE DA CATALOGAÇÃO
Instituição que transcreveu o registro Anchieta - Itaigara
240 10 - TÍTULO UNIFORME
Título uniforme Uma formiga especial
Idioma da obra
245 10 - TÍTULO
Título Uma formiga especial
650 #4 - ASSUNTO--TERMO TÓPICO
Cabeçalho tópico ou nome geográfico Literatura infantil
942 ## - ELEMENTOS DE ENTRADA ADICIONADOS (KOHA)
Tipo de material Koha Música
Holdings
Situação do descarte Situação das perdas Situação física Não pode ser emprestado Biblioteca de origem Biblioteca atual Data de aquisição Total de empréstimos Número de chamada completo Código de barras Data de último acesso Data do preço efetivo Tipo de material Koha
        Colégio São Paulo Colégio São Paulo 21/11/2023   LI 028.5 FOR 33/ITA 21/11/2023 21/11/2023 Música